Trombinoscope - Clash Royale - Statistiques

Statistiques générales
  • Ce quiz a été pris 537 fois
  • Le résultat moyen est 72 sur 100
Statistiques - réponses
Hint Réponse % Correct
Archers
76%
Géant
76%
Électro-dragon
75%
Bouliste
75%
Princesse
75%
Squelette géant
75%
Esprit de feu
75%
Mini P.E.K.K.A
75%
Buisson suspiscieux
74%
Sorcier de glace
74%
Tesla
74%
Mineur
74%
Trois mousquetaires
74%
Sorcier
74%
Golem d'élixir
74%
Golem de glace
74%
Fantôme royal
74%
Chevaucheur de cochon
74%
Gang de gobelins
74%
Arc-X
74%
Bébé dragon
74%
Fut à gobelins
74%
Valkyrie
74%
Canon
74%
Prince
74%
Chauves-souris
74%
Mamie sorcière
74%
Tour à bombes
74%
Sorcière
74%
Machine volante
74%
Esprit de guérison
74%
Voleuse
74%
Bûcheron
73%
Bélier de combat
73%
Géant royal
73%
Mousquetaire
73%
Artificière
73%
Mortier
73%
Électro-sorcier
73%
Chasseur
73%
Phoenix
73%
Ballon
73%
Dragons squelettes
73%
Électro-géant
73%
Barbares
73%
Armée de squelettes
73%
Moine
72%
Fut à barbares
72%
Méga Chevalier
72%
Cochons royaux
72%
Foreuse gobeline
72%
Barbares d'élite
72%
Zappy
72%
Pêcheur
72%
Horde de gargouilles
72%
Esprit de glace
72%
P.E.K.K.A
72%
Cabane de gobelins
72%
Molosse de lave
72%
Golem
72%
Charrette à canon
71%
Méga gargouille
71%
Fournaise
71%
Fut à squelettes
71%
Reine des archers
71%
Guérisseuse armée
71%
Cavabélier
71%
Squelettes
71%
Prince ténébreux
71%
Gargouilles
71%
Gobelin à sarbacane
71%
Pierre tombale
71%
Maître mineur
70%
Électro-esprit
70%
Cimetière
70%
Gobelins à lances
70%
Recrues Royales
70%
Dragon de l'enfer
70%
Sorcière de la nuit
70%
Bourreau
70%
Électrocuteurs
69%
Cage gobeline
69%
Roi squelette
69%
Gobelins
69%
Chevalier
69%
Chevalier d’or
69%
Archer magique
69%
Fripons
68%
Cheffe des voleuses
68%
Petit prince
68%
Gobelin explosif
68%
Gobelin géant
68%
Bombardier
68%
Sapeurs
67%
Géante runique
66%
Gardes
66%
Machine gobeline
65%
Gobelinstein
64%
Impératrice spirituelle
63%
Berserker
61%
Aucun quiz correspondant
Distribution des résultats
% des personnes avec chaque résultat
Percentile par nombre de réponses
Votre historique - résultats
Vous n’avez pas pris ce quiz